| 000 | 05361nam a22006015a 4500 | ||
|---|---|---|---|
| 005 | 20040816151637.0 | ||
| 008 | 080826t xxu||||| |||| 00| 0 eng d | ||
| 010 | _aB-276606-635 | ||
| 020 |
_a8177585142 _c499.00 |
||
| 035 | _aB-276606-635 | ||
| 037 |
_a064/10.6.08 _bUBH |
||
| 040 |
_aDPL _bEnglish |
||
| 082 | _a000 | ||
| 100 | _aThorpe, Edgar | ||
| 245 |
_aThe Pearson guide to MBA entrance examinations / _cby Edgar Thorpe [and] Showick Thorpe |
||
| 260 |
_aDelhi _bPearson Education _c2008 |
||
| 300 |
_aVarious pagings _c28 cm (pbk) |
||
| 700 | _aThorpe, Showick | ||
| 942 |
_2ddc _cEN _h000 _mTHO |
||
| 999 |
_c15087 _d15087 |
||